000 00438nam a2200205Ia 4500
001 14496
003 GE_BSU
008 181216s||||||||xx |||||||||||||| ||und||
020 _a0330443453
040 _cGE_BSU
080 _a821.111-3
100 _aHerriot, James
245 _aEvery Living Thing
260 _aLondon
260 _bPan books
260 _c1992
300 _a370p.20cm.
653 _aEvery Living Thing
942 _cBK
999 _c47627
_d47627